La mistica della femminilita /

Gespeichert in:
Bibliographische Detailangaben
1. Verfasser: Friedan, Betty, (1921-2006) (Verfasst von)
Format: Buch
Sprache:Italienisch
Veröffentlicht: Milano : Edizioni di Comunita, 1970
Ausgabe:2. ed
Schriftenreihe:Saggi di cultura contemporanea ; 45
Schlagworte:
Tags: Tag hinzufügen
Keine Tags, Fügen Sie das erste Tag hinzu!

MARC

LEADER 00000nam a2200000 i 4500
001 IT\ICCU\IEI\0058418
003 ItRI
005 20260115232236.0
008 921020s1970 it |||||| ||||| |||||c
015 |2 IT  |a 713728 
040 |b ita  |c importazione bologna sebina 
041 7 |a ita  |2 ISO-639-2 
082 |a 305.420973  |9 Funzione e status sociale delle donne. Stati Uniti.  |2 19 
082 |a 305.420973  |9 Donne. Posizione sociale e condizione. Stati Uniti d'America.  |2 20 
100 1 |a Friedan, Betty,  |d  (1921-2006)  |0 IT\ICCU\RAVV\057808  |4 aut 
240 1 4 |a The Feminine Mystique  |3 IT\ICCU\IEI\0058421  |9 Friedan, Betty <1921-2006> 
245 1 3 |a La mistica della femminilita /  |c Betty Friedan. 
250 |a 2. ed 
260 |a Milano :  |b Edizioni di Comunita,  |c 1970 
300 |a 367 p. ;  |c 21 cm 
650 7 |a Donna  |x Stati Uniti d'America  |2 scbi 
830 0 |a Saggi di cultura contemporanea ;  |v 45  |0 IT\ICCU\CFI\0002362 
942 |2 ddc  |c BK  |n 0 
952 |0 0  |1 0  |4 0  |6 DOC_305_420000000000000_FRI  |7 0  |9 22719  |a BO  |b BO  |d 2026-01-15  |i 8485  |l 0  |o DOC 305.420 FRI  |p BO8485  |r 2026-01-15 23:22:36  |w 2026-01-15  |x [Sebina 7] [1 v.]  |y BK  |z 1 v. 
999 |c 19397  |d 19397